[Event "New Zealand Junior Championship"]
[Site "Wellington"]
[Date "2023.01.06"]
[Round "4.10"]
[White "Ng, Lok Jim (Lauren)"]
[Black "Hwang, Ryan"]
[Result "*"]
[WhiteElo "1417"]
[BlackElo "1655"]

1. d4 {[%clk 01:00:57] [%emt 00:00:03]} 1... Nf6 {[%clk 01:00:58] [%emt
00:00:03]} 2. c4 {[%clk 01:01:19] [%emt 00:00:08]} 2... g6 {[%clk 01:01:23]
[%emt 00:00:05]} 3. Nc3 {[%clk 01:01:46] [%emt 00:00:03]} 3... Bg7 {[%clk
01:01:48] [%emt 00:00:05]} 4. e4 {[%clk 01:02:08] [%emt 00:00:08]} 4... d6
{[%emt 00:00:09]} 5. f4 {[%clk 01:02:31]} 5... Nfd7 {[%clk 00:48:08] [%emt
00:14:38]} 6. Nf3 {[%clk 01:01:22] [%emt 00:01:38]} 6... c5 {[%clk 00:46:29]
[%emt 00:02:10]} 7. d5 {[%clk 01:01:26] [%emt 00:00:26]} 7... a6 {[%clk
00:45:32] [%emt 00:01:27]} 8. Qc2 {[%clk 00:59:16] [%emt 00:02:40]} 8... Qc7
{[%clk 00:39:59] [%emt 00:06:03]} 9. Bd3 {[%clk 00:58:40] [%emt 00:01:05]} 9...
Nf6 {[%clk 00:38:18] [%emt 00:02:12]} 10. O-O {[%clk 00:58:17] [%emt 00:00:52]}
10... e6 {[%clk 00:37:09] [%emt 00:01:41]} 11. Bd2 {[%clk 00:56:01] [%emt
00:02:45]} 11... exd5 {[%clk 00:33:20] [%emt 00:04:20]} 12. exd5 {[%clk
00:55:52] [%emt 00:00:38]} 12... O-O {[%clk 00:32:31] [%emt 00:01:19]} 13. Rae1
{[%clk 00:52:55] [%emt 00:03:26]} 13... Bd7 {[%clk 00:26:28] [%emt 00:06:35]}
14. f5 {[%clk 00:49:13] [%emt 00:04:12]} 14... b5 {[%clk 00:22:29] [%emt
00:04:30]} 15. fxg6 {[%clk 00:46:19] [%emt 00:03:23]} 15... fxg6 {[%clk
00:21:27] [%emt 00:01:32]} 16. cxb5 {[%clk 00:45:28] [%emt 00:01:21]} 16... c4
{[%clk 00:21:08] [%emt 00:00:50]} 17. Be4 {[%clk 00:41:01] [%emt 00:04:56]}
17... axb5 {[%clk 00:19:52] [%emt 00:01:47]} 18. a3 {[%clk 00:40:54] [%emt
00:00:37]} 18... Nxe4 {[%clk 00:17:13] [%emt 00:03:09]} 19. Nxe4 {[%clk
00:39:34] [%emt 00:01:49]} 19... Na6 {[%clk 00:15:58] [%emt 00:01:45]} 20. Kh1
{[%clk 00:38:04] [%emt 00:02:00]} 20... Bf5 {[%clk 00:16:02] [%emt 00:00:26]}
21. Qc1 {[%clk 00:36:19] [%emt 00:02:14]} 21... Rac8 {[%clk 00:14:00] [%emt
00:02:33]} 22. Bc3 {[%clk 00:34:58] [%emt 00:01:50]} 22... Bxe4 {[%clk
00:12:41] [%emt 00:01:50]} 23. Rxe4 {[%clk 00:34:44] [%emt 00:00:43]} 23... Nc5
{[%clk 00:12:39] [%emt 00:00:33]} 24. Re2 {[%clk 00:33:02] [%emt 00:02:11]}
24... Rce8 {[%clk 00:12:18] [%emt 00:00:52]} 25. Rxe8 {[%clk 00:31:40] [%emt
00:01:51]} 25... Rxe8 {[%clk 00:12:42] [%emt 00:00:07]} 26. Bxg7 {[%clk
00:31:06] [%emt 00:01:03]} 26... Qxg7 {[%clk 00:12:59] [%emt 00:00:14]} 27. Qf4
{[%clk 00:20:04] [%emt 00:11:31]} 27... Qf8 {[%clk 00:11:46] [%emt 00:01:44]}
28. Qxf8+ {[%clk 00:15:47] [%emt 00:04:46]} 28... Rxf8 {[%clk 00:11:58] [%emt
00:00:19]} 29. Rb1 {[%clk 00:13:19] [%emt 00:02:58]} 29... Rf4 {[%clk 00:09:30]
[%emt 00:02:58]} 30. h3 {[%clk 00:12:05] [%emt 00:01:43]} 30... Re4 {[%clk
00:09:32] [%emt 00:00:28]} 31. Kg1 {[%clk 00:10:26] [%emt 00:02:10]} 31... Re3
{[%clk 00:08:57] [%emt 00:01:05]} 32. Nd4 {[%clk 00:09:12] [%emt 00:01:44]}
32... Rd3 {[%clk 00:08:47] [%emt 00:00:40]} 33. Nxb5 {[%clk 00:09:27] [%emt
00:00:15]} 33... Rxd5 {[%clk 00:09:08] [%emt 00:00:08]} 34. Nc3 {[%clk
00:08:04] [%emt 00:01:53]} 34... Rd2 {[%clk 00:09:04] [%emt 00:00:33]} 35. a4
{[%clk 00:07:55] [%emt 00:00:40]} 35... Nb3 {[%clk 00:06:19] [%emt 00:03:15]}
36. Nb5 {[%clk 00:07:33] [%emt 00:00:52]} 36... Kf7 {[%clk 00:06:01] [%emt
00:00:47]} 37. Kh2 {[%clk 00:07:13] [%emt 00:00:50]} 37... Ke7 {[%clk 00:05:26]
[%emt 00:01:06]} 38. Re1+ {[%clk 00:06:30] [%emt 00:01:12]} 38... Kd7 {[%clk
00:05:45] [%emt 00:00:11]} 39. Kg3 {[%clk 00:06:14] [%emt 00:00:47]} 39... Rxb2
{[%clk 00:04:51] [%emt 00:01:23]} 40. Rd1 {[%clk 00:06:11] [%emt 00:00:34]}
40... Rd2 {[%clk 00:05:05] [%emt 00:00:16]} 41. Rxd2 {[%clk 00:06:27] [%emt
00:00:13]} 41... Nxd2 {[%emt 00:00:08]} 42. Kf2 {[%clk 00:06:09] [%emt
00:00:42]} 42... d5 {[%clk 00:05:16] [%emt 00:00:49]} 43. Ke3 {[%clk 00:06:20]
[%emt 00:00:19]} 43... Nb3 {[%clk 00:05:22] [%emt 00:00:23]} 44. g4 {[%clk
00:05:52] [%emt 00:00:59]} 44... Kc6 {[%clk 00:04:42] [%emt 00:01:10]} 45. Ke2
{[%clk 00:05:00] [%emt 00:01:22]} 45... Kc5 {[%clk 00:03:31] [%emt 00:01:41]}
46. Nc7 {[%clk 00:04:46] [%emt 00:00:43]} 46... d4 {[%clk 00:02:57] [%emt
00:01:04]} 47. Kd1 {[%clk 00:04:17] [%emt 00:00:59]} 47... Kb4 {[%clk 00:02:59]
[%emt 00:00:29]} 48. Ne6 {[%clk 00:04:24] [%emt 00:00:24]} 48... d3 {[%clk
00:02:38] [%emt 00:00:51]} 49. Nf4 {[%clk 00:04:18] [%emt 00:00:36]} 49... Kxa4
{[%clk 00:02:31] [%emt 00:00:37]} 50. Nd5 {[%clk 00:04:05] [%emt 00:00:42]}
50... Ka3 {[%clk 00:02:37] [%emt 00:00:24]} 51. h4 {[%clk 00:03:18] [%emt
00:01:16]} 51... Kb2 {[%clk 00:02:47] [%emt 00:00:21]} 52. h5 {[%clk 00:03:26]
[%emt 00:00:22]} 52... c3 {[%clk 00:02:39] [%emt 00:00:38]} 53. Nxc3 {[%clk
00:03:45] [%emt 00:00:10]} 53... Kxc3 {[%clk 00:03:07] [%emt 00:00:02]} 54.
hxg6 {[%clk 00:03:42] [%emt 00:00:33]} 54... hxg6 {[%clk 00:03:34] [%emt
00:00:01]} 55. g5 {[%clk 00:03:56] [%emt 00:00:16]} 55... d2 {[%clk 00:03:58]
[%emt 00:00:08]} 56. Ke2 {[%clk 00:04:13] [%emt 00:00:13]} 56... Kc2 {[%clk
00:04:23] [%emt 00:00:04]} 57. Ke3 {[%clk 00:04:22] [%emt 00:00:20]} 57... d1=Q
{[%clk 00:04:34] [%emt 00:00:19]} 58. Kf4 {[%clk 00:04:43] [%emt 00:00:09]}
58... Qe2 {[%clk 00:04:19] [%emt 00:00:44]} 59. Kg3 {[%clk 00:04:42] [%emt
00:00:32]} 59... Nd4 {[%clk 00:03:13] [%emt 00:01:37]} 60. Kf4 {[%clk 00:04:57]
[%emt 00:00:14]} 60... Kc3 {[%clk 00:02:50] [%emt 00:00:53]} 61. Kg3 {[%clk
00:05:11] [%emt 00:00:16]} 61... Kc4 {[%clk 00:02:47] [%emt 00:00:33]} 62. Kf4
{[%clk 00:05:24] [%emt 00:00:17]} 62... Kd5 {[%clk 00:02:54] [%emt 00:00:23]}
63. Kg3 {[%clk 00:05:42] [%emt 00:00:11]} 63... Nf5+ {[%clk 00:02:56] [%emt
00:00:29]} 64. Kh3 {[%clk 00:05:54] [%emt 00:00:18]} 64... Qf2 {[%clk 00:02:55]
[%emt 00:00:28]} 65. Kg4 {[%clk 00:06:18] [%emt 00:00:10]} 65... Qg3# {[%clk
00:02:52] [%emt 00:00:03]} *

[Event "New Zealand Junior Championship"]
[Site "Wellington"]
[Date "2023.01.06"]
[Round "4.15"]
[White "Zhang, Yaoyuan"]
[Black "Li, Bill"]
[Result "1/2-1/2"]
[WhiteElo "1515"]
[BlackElo "1384"]

1. d4 {[%clk 01:00:54] [%emt 00:00:06]} 1... Nf6 {[%clk 01:00:54] [%emt
00:00:07]} 2. c4 {[%clk 01:01:07] [%emt 00:00:17]} 2... e6 {[%clk 01:01:17]
[%emt 00:00:07]} 3. Nc3 {[%clk 01:01:08] [%emt 00:00:29]} 3... Bb4 {[%clk
01:01:40] [%emt 00:00:07]} 4. Bd2 {[%clk 01:01:10] [%emt 00:00:27]} 4... Nc6
{[%clk 01:01:40] [%emt 00:00:31]} 5. e3 {[%clk 01:01:02] [%emt 00:00:38]} 5...
d5 {[%clk 01:01:25] [%emt 00:00:44]} 6. Nf3 {[%clk 01:00:18] [%emt 00:01:14]}
6... O-O {[%clk 01:01:22] [%emt 00:00:33]} 7. Bd3 {[%clk 00:59:08] [%emt
00:01:39]} 7... dxc4 {[%clk 01:01:12] [%emt 00:00:41]} 8. Bxc4 {[%clk 00:59:31]
[%emt 00:00:07]} 8... b6 {[%clk 01:00:30] [%emt 00:01:13]} 9. a3 {[%clk
00:59:19] [%emt 00:00:42]} 9... Bxc3 {[%clk 01:00:20] [%emt 00:00:40]} 10. Bxc3
{[%clk 00:59:39] [%emt 00:00:09]} 10... Bb7 {[%clk 01:00:29] [%emt 00:00:21]}
11. Rc1 {[%clk 00:56:33] [%emt 00:03:36]} 11... Ne7 {[%clk 00:58:54] [%emt
00:02:06]} 12. O-O {[%clk 00:51:50] [%emt 00:05:12]} 12... Rc8 {[%clk 00:57:18]
[%emt 00:02:07]} 13. b4 {[%clk 00:49:50] [%emt 00:02:30]} 13... Ned5 {[%clk
00:54:01] [%emt 00:03:48]} 14. Bd3 {[%clk 00:46:10] [%emt 00:04:08]} 14... Nxc3
{[%clk 00:52:00] [%emt 00:02:33]} 15. Rxc3 {[%clk 00:46:27] [%emt 00:00:15]}
15... Be4 {[%clk 00:50:11] [%emt 00:02:17]} 16. Bxe4 {[%clk 00:42:37] [%emt
00:04:20]} 16... Nxe4 {[%clk 00:50:29] [%emt 00:00:13]} 17. Rc2 {[%clk
00:40:42] [%emt 00:02:24]} 17... c5 {[%clk 00:47:38] [%emt 00:03:21]} 18. bxc5
{[%clk 00:37:21] [%emt 00:03:50]} 18... bxc5 {[%clk 00:47:57] [%emt 00:00:12]}
19. Qd3 {[%clk 00:36:50] [%emt 00:00:59]} 19... Qd5 {[%clk 00:46:51] [%emt
00:01:37]} 20. Rfc1 {[%clk 00:35:31] [%emt 00:01:47]} 20... Ra8 {[%clk
00:40:06] [%emt 00:07:18]} 21. Qc4 {[%clk 00:32:07] [%emt 00:03:53]} 21... cxd4
{[%clk 00:38:25] [%emt 00:02:13]} 22. Qxd5 {[%clk 00:32:00] [%emt 00:00:37]}
22... exd5 {[%clk 00:38:43] [%emt 00:00:12]} 23. Nxd4 {[%clk 00:32:17] [%emt
00:00:12]} 23... Rfe8 {[%clk 00:36:55] [%emt 00:02:19]} 24. f3 {[%clk 00:31:51]
[%emt 00:00:54]} 24... Nf6 {[%clk 00:37:16] [%emt 00:00:09]} 25. Kf2 {[%clk
00:32:15] [%emt 00:00:06]} 25... Rab8 {[%clk 00:34:41] [%emt 00:03:06]} 26. Rc7
{[%clk 00:31:48] [%emt 00:00:56]} 26... Rb2+ {[%clk 00:34:42] [%emt 00:00:30]}
27. R1c2 {[%clk 00:31:44] [%emt 00:00:33]} 27... Rxc2+ {[%clk 00:34:41] [%emt
00:00:33]} 28. Rxc2 {[%clk 00:32:06] [%emt 00:00:07]} 28... Kf8 {[%clk
00:31:13] [%emt 00:03:58]} 29. Rc7 {[%clk 00:32:09] [%emt 00:00:27]} 29... Ra8
{[%clk 00:30:26] [%emt 00:01:17]} 30. Nc6 {[%clk 00:32:11] [%emt 00:00:27]}
30... a6 {[%clk 00:28:51] [%emt 00:02:06]} 31. Ke2 {[%clk 00:31:07] [%emt
00:01:33]} 31... Ne8 {[%clk 00:28:26] [%emt 00:00:57]} 32. Rd7 {[%clk 00:30:40]
[%emt 00:00:55]} 32... Nf6 {[%clk 00:28:22] [%emt 00:00:37]} 33. Ra7 {[%clk
00:29:48] [%emt 00:01:19]} 33... Rxa7 {[%clk 00:28:30] [%emt 00:00:25]} 34.
Nxa7 {[%clk 00:30:13] [%emt 00:00:04]} 34... Ne8 {[%clk 00:28:24] [%emt
00:00:35]} 35. Nc6 {[%clk 00:30:03] [%emt 00:00:39]} 35... Nc7 {[%clk 00:27:57]
[%emt 00:00:58]} 36. a4 {[%clk 00:29:56] [%emt 00:00:37]} 36... Ke8 {[%clk
00:28:14] [%emt 00:00:13]} 37. Kd3 {[%clk 00:29:59] [%emt 00:00:27]} 37... Kd7
{[%clk 00:28:15] [%emt 00:00:29]} 38. Nb4 {[%clk 00:30:05] [%emt 00:00:23]}
38... Kd6 {[%clk 00:28:24] [%emt 00:00:22]} 1/2-1/2

[Event "New Zealand Junior Championship"]
[Site "Wellington"]
[Date "2023.01.07"]
[Round "5.1"]
[White "Braganza, Nadia"]
[Black "Gong, Daniel Hanwen"]
[Result "0-1"]
[WhiteElo "1838"]
[BlackElo "2388"]

1. c4 {[%clk 01:00:56] [%emt 00:00:04]} 1... f5 {[%clk 01:00:31] [%emt
00:00:29]} 2. g3 {[%clk 01:01:19] [%emt 00:00:07]} 2... Nf6 {[%clk 01:00:57]
[%emt 00:00:05]} 3. Bg2 {[%clk 01:01:35] [%emt 00:00:13]} 3... e6 {[%clk
01:01:23] [%emt 00:00:05]} 4. Nc3 {[%clk 00:58:39] [%emt 00:03:25]} 4... d5
{[%clk 01:01:20] [%emt 00:00:33]} 5. d4 {[%clk 00:55:49] [%emt 00:03:21]} 5...
Be7 {[%clk 01:01:03] [%emt 00:00:47]} 6. Nf3 {[%clk 00:55:14] [%emt 00:01:05]}
6... c6 {[%clk 01:01:23] [%emt 00:00:10]} 7. cxd5 {[%clk 00:55:00] [%emt
00:00:44]} 7... exd5 {[%clk 01:01:25] [%emt 00:00:28]} 8. O-O {[%clk 00:54:41]
[%emt 00:00:49]} 8... O-O {[%clk 01:01:37] [%emt 00:00:18]} 9. b3 {[%clk
00:51:34] [%emt 00:03:38]} 9... Ne4 {[%clk 01:00:10] [%emt 00:01:56]} 10. Bb2
{[%clk 00:50:37] [%emt 00:01:26]} 10... Nxc3 {[%clk 00:58:51] [%emt 00:01:50]}
11. Bxc3 {[%clk 00:51:00] [%emt 00:00:06]} 11... f4 {[%clk 00:59:19] [%emt
00:00:02]} 12. e3 {[%clk 00:47:43] [%emt 00:03:48]} 12... fxe3 {[%clk 00:59:27]
[%emt 00:00:22]} 13. fxe3 {[%clk 00:48:08] [%emt 00:00:05]} 13... Bg4 {[%clk
00:58:50] [%emt 00:01:07]} 14. h3 {[%clk 00:47:52] [%emt 00:00:45]} 14... Bxf3
{[%clk 00:58:34] [%emt 00:00:47]} 15. Rxf3 {[%clk 00:47:47] [%emt 00:00:35]}
15... Bf6 {[%clk 00:58:53] [%emt 00:00:10]} 16. Qd2 {[%clk 00:45:14] [%emt
00:03:04]} 16... Re8 {[%clk 00:58:59] [%emt 00:00:25]} 17. Raf1 {[%clk
00:44:17] [%emt 00:01:26]} 17... Nd7 {[%clk 00:58:45] [%emt 00:00:44]} 18. h4
{[%clk 00:43:31] [%emt 00:01:15]} 18... Nb6 {[%clk 00:57:30] [%emt 00:01:45]}
19. Bh3 {[%clk 00:42:55] [%emt 00:01:06]} 19... Nc8 {[%clk 00:57:39] [%emt
00:00:21]} 20. Bb4 {[%clk 00:36:32] [%emt 00:06:53]} 20... a5 {[%clk 00:53:54]
[%emt 00:04:15]} 21. Bxc8 {[%clk 00:34:25] [%emt 00:02:36]} 21... Qxc8 {[%clk
00:54:03] [%emt 00:00:21]} 22. Bxa5 {[%clk 00:34:48] [%emt 00:00:05]} 22... Re4
{[%clk 00:54:09] [%emt 00:00:25]} 23. Rf4 {[%clk 00:25:44] [%emt 00:09:35]}
23... Qh3 {[%clk 00:51:13] [%emt 00:03:26]} 24. Rxe4 {[%clk 00:21:20] [%emt
00:04:53]} 24... Qxg3+ {[%clk 00:51:32] [%emt 00:00:12]} 25. Qg2 {[%clk
00:21:29] [%emt 00:00:20]} 25... Qxg2+ {[%clk 00:51:58] [%emt 00:00:04]} 26.
Kxg2 {[%clk 00:21:56] [%emt 00:00:04]} 26... dxe4 {[%clk 00:52:24] [%emt
00:00:04]} 27. Be1 {[%clk 00:19:34] [%emt 00:02:51]} 27... Rxa2+ {[%clk
00:52:47] [%emt 00:00:08]} 28. Rf2 {[%clk 00:19:46] [%emt 00:00:17]} 28... Ra1
{[%clk 00:51:16] [%emt 00:02:00]} 29. Re2 {[%clk 00:17:32] [%emt 00:02:46]}
29... Kf7 {[%clk 00:51:22] [%emt 00:00:24]} 30. Kg3 {[%clk 00:16:57] [%emt
00:01:05]} 30... Ke6 {[%clk 00:51:48] [%emt 00:00:04]} 31. Kf4 {[%clk 00:17:22]
[%emt 00:00:04]} 31... Kd5 {[%clk 00:52:14] [%emt 00:00:04]} 32. Kf5 {[%clk
00:15:27] [%emt 00:02:26]} 32... Rb1 {[%clk 00:50:57] [%emt 00:01:47]} 33. b4
{[%clk 00:15:35] [%emt 00:00:22]} 33... Be7 {[%clk 00:50:50] [%emt 00:00:37]}
34. h5 {[%clk 00:15:23] [%emt 00:00:42]} 34... g6+ {[%clk 00:49:09] [%emt
00:02:10]} 35. hxg6 {[%clk 00:15:45] [%emt 00:00:08]} 35... hxg6+ {[%clk
00:49:38] [%emt 00:00:02]} 36. Kxg6 {[%clk 00:16:03] [%emt 00:00:12]} 36...
Bxb4 {[%clk 00:50:04] [%emt 00:00:04]} 37. Bxb4 {[%clk 00:14:50] [%emt
00:01:42]} 37... Rxb4 {[%clk 00:50:30] [%emt 00:00:04]} 38. Kf5 {[%clk
00:13:29] [%emt 00:01:51]} 38... Rb1 {[%clk 00:50:53] [%emt 00:00:07]} 39. Rc2
{[%clk 00:13:45] [%emt 00:00:14]} 39... Rf1+ {[%clk 00:51:14] [%emt 00:00:09]}
40. Kg4 {[%clk 00:14:08] [%emt 00:00:07]} 40... Rf3 {[%emt 00:03:15]} 41. Rc5+
{[%clk 00:12:03]} 41... Kd6 {[%clk 00:51:30] [%emt 00:00:04]} 42. Rc3 {[%clk
00:12:29] [%emt 00:00:05]} 42... b5 {[%clk 00:51:51] [%emt 00:00:09]} 43. Kg5
{[%clk 00:12:15] [%emt 00:00:43]} 43... Rf8 {[%clk 00:51:33] [%emt 00:00:46]}
44. Kg4 {[%clk 00:12:32] [%emt 00:00:15]} 44... b4 {[%clk 00:51:52] [%emt
00:00:11]} 45. Rc4 {[%clk 00:12:27] [%emt 00:00:35]} 45... Rb8 {[%clk 00:52:11]
[%emt 00:00:10]} 46. Kf4 {[%clk 00:12:33] [%emt 00:00:24]} 46... b3 {[%clk
00:52:37] [%emt 00:00:05]} 47. Rc1 {[%clk 00:12:58] [%emt 00:00:04]} 47... b2
{[%clk 00:53:05] [%emt 00:00:03]} 48. Rb1 {[%clk 00:13:25] [%emt 00:00:02]}
48... Kd5 {[%clk 00:53:31] [%emt 00:00:04]} 49. Kf5 {[%clk 00:13:48] [%emt
00:00:08]} 49... Rf8+ {[%clk 00:53:46] [%emt 00:00:15]} 50. Kg4 {[%clk
00:14:10] [%emt 00:00:07]} 50... Rf2 {[%clk 00:54:00] [%emt 00:00:16]} 51. Kg3
{[%clk 00:14:20] [%emt 00:00:20]} 51... Rc2 {[%clk 00:54:27] [%emt 00:00:03]}
52. Kf4 {[%clk 00:14:42] [%emt 00:00:08]} 52... Re2 {[%clk 00:54:47] [%emt
00:00:10]} 53. Rh1 {[%clk 00:14:55] [%emt 00:00:17]} 53... Rf2+ {[%clk
00:55:03] [%emt 00:00:14]} 54. Kg3 {[%clk 00:15:21] [%emt 00:00:04]} 54... Rf3+
{[%clk 00:55:28] [%emt 00:00:05]} 55. Kg4 {[%clk 00:15:45] [%emt 00:00:06]}
55... Rxe3 {[%clk 00:55:55] [%emt 00:00:04]} 56. Rb1 {[%clk 00:16:01] [%emt
00:00:14]} 56... Rb3 {[%clk 00:56:10] [%emt 00:00:14]} 0-1

[Event "New Zealand Junior Championship"]
[Site "Wellington"]
[Date "2023.01.07"]
[Round "5.2"]
[White "Mao, Daqi"]
[Black "Lu, Xiahan (Luna)"]
[Result "1-0"]
[WhiteElo "2085"]
[BlackElo "1480"]

1. d4 {[%clk 01:00:57] [%emt 00:00:02]} 1... Nf6 {[%clk 01:00:46] [%emt
00:00:14]} 2. c4 {[%clk 01:01:21] [%emt 00:00:07]} 2... g6 {[%clk 01:00:52]
[%emt 00:00:24]} 3. Nc3 {[%clk 01:01:45] [%emt 00:00:06]} 3... Bg7 {[%clk
01:01:14] [%emt 00:00:07]} 4. e4 {[%clk 01:02:11] [%emt 00:00:05]} 4... d6
{[%clk 01:01:31] [%emt 00:00:13]} 5. Nf3 {[%emt 00:00:09]} 5... O-O {[%clk
01:01:05] [%emt 00:00:51]} 6. Be2 {[%clk 01:03:00] [%emt 00:00:05]} 6... e5
{[%clk 01:00:47] [%emt 00:00:49]} 7. dxe5 {[%clk 01:03:24] [%emt 00:00:07]}
7... dxe5 {[%clk 01:01:07] [%emt 00:00:09]} 8. Qxd8 {[%clk 01:03:50] [%emt
00:00:05]} 8... Rxd8 {[%clk 01:01:31] [%emt 00:00:06]} 9. Bg5 {[%clk 01:04:14]
[%emt 00:00:06]} 9... Re8 {[%clk 01:01:20] [%emt 00:00:37]} 10. O-O-O {[%clk
01:03:30] [%emt 00:01:16]} 10... Nbd7 {[%clk 00:59:23] [%emt 00:02:28]} 11. Nb5
{[%clk 01:03:34] [%emt 00:00:26]} 11... Rb8 {[%clk 00:55:36] [%emt 00:04:17]}
12. Nxc7 {[%clk 01:03:42] [%emt 00:00:22]} 12... Rf8 {[%clk 00:55:19] [%emt
00:00:45]} 13. Be3 {[%clk 00:58:33] [%emt 00:05:39]} 13... b6 {[%clk 00:53:12]
[%emt 00:02:38]} 14. Nd2 {[%clk 00:58:29] [%emt 00:00:33]} 14... Bb7 {[%clk
00:51:10] [%emt 00:02:33]} 15. Nd5 {[%clk 00:58:04] [%emt 00:00:56]} 15... Rfe8
{[%clk 00:49:33] [%emt 00:02:06]} 16. Nxf6+ {[%clk 00:57:56] [%emt 00:00:40]}
16... Nxf6 {[%clk 00:49:42] [%emt 00:00:20]} 17. f3 {[%clk 00:58:06] [%emt
00:00:20]} 17... Rbc8 {[%clk 00:47:12] [%emt 00:02:59]} 18. b3 {[%clk 00:56:44]
[%emt 00:01:54]} 18... Bf8 {[%clk 00:36:39] [%emt 00:11:02]} 19. Kb2 {[%clk
00:55:16] [%emt 00:01:59]} 19... Red8 {[%clk 00:33:45] [%emt 00:03:23]} 20. Nb1
{[%clk 00:55:10] [%emt 00:00:38]} 20... Kg7 {[%clk 00:32:19] [%emt 00:01:55]}
21. Rxd8 {[%clk 00:54:52] [%emt 00:00:49]} 21... Rxd8 {[%clk 00:32:39] [%emt
00:00:09]} 22. Rd1 {[%clk 00:55:16] [%emt 00:00:06]} 22... Rc8 {[%clk 00:30:59]
[%emt 00:02:10]} 23. Nc3 {[%clk 00:55:17] [%emt 00:00:30]} 23... Be7 {[%clk
00:19:58] [%emt 00:11:29]} 24. Nb5 {[%clk 00:54:11] [%emt 00:01:38]} 24... Ra8
{[%clk 00:18:58] [%emt 00:01:28]} 25. g4 {[%emt 00:02:44]} 25... Bc6 {[%clk
00:17:29] [%emt 00:00:17]} 26. Nc7 {[%clk 00:53:25] [%emt 00:00:46]} 26... Rc8
{[%clk 00:16:37] [%emt 00:01:21]} 27. Nd5 {[%emt 00:00:32]} 27... Kf8 {[%clk
00:14:35] [%emt 00:02:30]} 28. Nxe7 {[%clk 00:52:12] [%emt 00:01:44]} 28...
Kxe7 {[%clk 00:14:57] [%emt 00:00:08]} 29. Bg5 {[%clk 00:52:30] [%emt
00:00:11]} 29... Ke6 {[%clk 00:13:07] [%emt 00:02:19]} 30. b4 {[%clk 00:51:10]
[%emt 00:01:52]} 30... Nd7 {[%clk 00:09:29] [%emt 00:04:06]} 31. Be3 {[%clk
00:46:17] [%emt 00:05:24]} 31... Bb7 {[%clk 00:08:48] [%emt 00:01:12]} 32. g5
{[%clk 00:45:24] [%emt 00:01:22]} 32... Rc7 {[%clk 00:08:05] [%emt 00:01:10]}
33. Bf1 {[%clk 00:44:22] [%emt 00:01:35]} 33... Ke7 {[%clk 00:07:50] [%emt
00:00:46]} 34. Kb3 {[%clk 00:43:32] [%emt 00:01:20]} 34... Ba6 {[%clk 00:06:24]
[%emt 00:01:48]} 35. a4 {[%clk 00:43:10] [%emt 00:00:59]} 35... Ke8 {[%clk
00:05:24] [%emt 00:01:31]} 36. b5 {[%clk 00:41:07] [%emt 00:02:33]} 36... Bb7
{[%clk 00:05:32] [%emt 00:00:16]} 37. a5 {[%clk 00:40:52] [%emt 00:00:51]}
37... Nc5+ {[%clk 00:05:23] [%emt 00:00:38]} 38. Bxc5 {[%clk 00:40:59] [%emt
00:00:23]} 38... bxc5 {[%clk 00:05:11] [%emt 00:00:42]} 39. Bh3 {[%clk
00:40:16] [%emt 00:01:13]} 39... Ke7 {[%clk 00:05:15] [%emt 00:00:24]} 40. b6
{[%clk 00:40:26] [%emt 00:00:23]} 40... axb6 {[%clk 00:05:08] [%emt 00:00:37]}
41. axb6 {[%clk 00:40:54] [%emt 00:00:02]} 41... Rc6 {[%clk 00:03:05] [%emt
00:02:33]} 42. Rd7+ {[%clk 00:41:19] [%emt 00:00:05]} 1-0